Normal view
MARC view
Entry Personal Name
001 - CONTROL NUMBER
- control field: 7276
003 - CONTROL NUMBER IDENTIFIER
- control field: OSt
005 - DATE AND TIME OF LATEST TRANSACTION
- control field: 20160310142939.0
008 - FIXED-LENGTH DATA ELEMENTS
- fixed length control field: 160310|| aca||aabn | a|a d
040 ## - CATALOGING SOURCE
- Original cataloging agency: OSt
- Transcribing agency: OSt
100 ## - HEADING--PERSONAL NAME
- Personal name: Sharrock, W. W.
- Fuller form of name: (Wes W.)
670 ## - SOURCE DATA FOUND
- Source citation: Work cat.: (OSt)3235: Sharrock, W. W. (Wes W.), Understanding modern sociology /, 2003.
